[Event "ICS rated blitz match"]
[Site "207.99.83.229"]
[Date "1999.05.26"]
[Round "?"]
[White "Hossa"]
[Black "RETI"]
[Result "1/2-1/2"]
[WhiteElo "2442"]
[BlackElo "2319"]
[PlyCount "145"]

1. e4 e6 2. d4 d5 3. Nd2 Nf6 4. e5 Nfd7 5. Ngf3 c5 6. Nb3 Nc6 7. dxc5 Bxc5 8.
Nxc5 Qa5+ 9. c3 Qxc5 10. Be3 Qa5 11. Bf4 b5 12. Bd3 h6 13. O-O b4 14. Qc2 Ba6
15. Bxa6 Qxa6 16. c4 Qxc4 17. Qxc4 dxc4 18. Rac1 g5 19. Bg3 Nb6 20. Nd2 Nd4 21.
Rfe1 Rc8 22. Re4 Nf5 23. Nxc4 Ke7 24. b3 Nd5 25. Re2 Nc3 26. Rd2 Rhd8 27. Rb2
Rd3 28. Kh1 Rcd8 29. Rg1 R8d5 30. Rc2 Nd4 31. Rb2 Nde2 32. h3 Nxg1 33. Kxg1 Ne4
34. Kh2 Rc3 35. f3 Nxg3 36. Kxg3 h5 37. Re2 Rd4 38. Kh2 h4 39. Nd6 Rd1 40. Ne4
Rcc1 41. g3 Rh1+ 42. Kg2 Rcg1+ 43. Kf2 Rf1+ 44. Kg2 Rhg1+ 45. Kh2 hxg3+ 46.
Nxg3 Rd1 47. Ne4 a6 48. Rg2 Rxg2+ 49. Kxg2 Rd5 50. Nxg5 Rxe5 51. Ne4 Ra5 52.
Kg3 Rxa2 53. Nc5 Rb2 54. h4 Kd6 55. Nxa6 Rxb3 56. h5 Rb1 57. Nxb4 Rxb4 58. Kh3
Rf4 59. Kg3 Ke5 60. Kh3 Rxf3+ 61. Kh2 Rf5 62. Kg3 Rxh5 63. Kf3 f6 64. Ke3 f5
65. Kd3 Rh3+ 66. Kc2 Ke4 67. Kd1 Kd3 68. Kc1 f4 69. Kb1 f3 70. Kb2 f2 71. Kb3
f1=Q 72. Kb4 Rh5 73. Ka4 {
RETI ran out of time and Hossa has no material to mate} 1/2-1/2

[Event "ICS rated blitz match"]
[Site "207.99.83.229"]
[Date "1999.05.26"]
[Round "?"]
[White "Hossa"]
[Black "MiddleHead"]
[Result "1-0"]
[WhiteElo "2438"]
[BlackElo "2123"]
[PlyCount "38"]

1. e4 d6 2. f4 Nf6 3. Nc3 Nc6 4. Nf3 e5 5. Bb5 exf4 6. d3 Bd7 7. O-O Ne5 8.
Bxd7+ Qxd7 9. Bxf4 Nxf3+ 10. Qxf3 Be7 11. e5 dxe5 12. Qxb7 O-O 13. Bxe5 Rab8
14. Qxa7 Rxb2 15. Rac1 c6 16. Qd4 Qxd4+ 17. Bxd4 c5 18. Nd5 Rb7 19. Nxe7+ 19...
Rxe7 {MiddleHead resigns} 1-0

[Event "ICS rated blitz match"]
[Site "207.99.83.229"]
[Date "1999.05.26"]
[Round "?"]
[White "MiddleHead"]
[Black "Hossa"]
[Result "0-1"]
[WhiteElo "2109"]
[BlackElo "2442"]
[PlyCount "44"]

1. e4 e6 2. d4 d5 3. Nc3 Nf6 4. Bg5 dxe4 5. Nxe4 Bb4+ 6. c3 Be7 7. Bxf6 Bxf6 8.
Nxf6+ Qxf6 9. Qf3 Nd7 10. Qxf6 Nxf6 11. f3 O-O 12. Bd3 Nd5 13. g3 Rd8 14. Be4
Ne3 15. Kd2 Nc4+ 16. Kc2 c5 17. Ne2 e5 18. b3 Ne3+ 19. Kd3 Nf5 20. Rad1 cxd4
21. cxd4 Nxd4 22. Nxd4 22... f5 {MiddleHead resigns} 0-1

[Event "ICS rated blitz match"]
[Site "207.99.83.229"]
[Date "1999.05.26"]
[Round "?"]
[White "Hossa"]
[Black "jacdion"]
[Result "0-1"]
[WhiteElo "2446"]
[BlackElo "2785"]
[PlyCount "81"]

1. d4 d5 2. c4 e6 3. Nc3 Nf6 4. Bg5 Be7 5. e3 O-O 6. Nf3 h6 7. Bh4 b6 8. Qc2
Bb7 9. Bxf6 Bxf6 10. cxd5 exd5 11. O-O-O c5 12. dxc5 Bxc3 13. bxc3 Qc7 14. cxb6
axb6 15. Bd3 Ra3 16. Kb2 Qc5 17. Nd4 Nc6 18. Nb5 Ra5 19. a4 Ne5 20. Be2 Nc4+
21. Bxc4 dxc4 22. Ra1 Bxg2 23. Rhg1 Bc6 24. Nd4 Rfa8 25. Nxc6 Qxc6 26. Rg4 Rb5+
27. axb5 Qxb5+ 28. Kc1 Rxa1+ 29. Kd2 Qa6 30. Rd4 g6 31. Qe4 Qa2+ 32. Qc2 Qa3
33. Qe4 Qc1+ 34. Ke2 Qf1+ 35. Kf3 Qh3+ 36. Ke2 Ra2+ 37. Rd2 Qh5+ 38. Kf1 Rxd2
39. Kg2 Qg5+ 40. Kf1 Qf6 41. Qg2 {Hossa resigns} 0-1

[Event "ICS Rated standard match"]
[Site "207.99.83.229"]
[Date "1999.05.26"]
[Round "?"]
[White "Hossa"]
[Black "ekatron"]
[Result "0-1"]
[WhiteElo "2272"]
[BlackElo "2091"]
[PlyCount "113"]

1. c4 e5 2. Nc3 Nc6 3. Nf3 g6 4. e4 Bg7 5. Be2 d6 6. O-O Nge7 7. d3 h6 8. Be3
Nd4 9. Nb5 c5 10. Nbxd4 cxd4 11. Bc1 O-O 12. Nd2 g5 13. Qb3 Kh8 14. Qb5 a6 15.
Qb4 f5 16. f3 f4 17. a4 Nc6 18. Qb3 Rg8 19. Kh1 Bf6 20. Rg1 h5 21. Rb1 g4 22.
fxg4 hxg4 23. Qa3 a5 24. Rf1 Qe7 25. Ra1 Nb4 26. Qb3 Qh7 27. Kg1 Rg6 28. Re1
Be6 29. Ra3 Kg7 30. Qd1 Rh8 31. Nf1 f3 32. Rb3 fxe2 33. Qxe2 Bg5 34. Bxg5 Rxg5
35. Qd2 Rg6 36. Rxb4 axb4 37. Qxb4 g3 38. Qxb7+ Bf7 39. h3 Qh4 40. Nd2 Qf4 41.
Nf3 Rhh6 42. b4 Rxh3 43. c5 Rgh6 44. gxh3 Qxf3 45. Qxf7+ Kxf7 46. Rf1 Qxf1+ 47.
Kxf1 dxc5 48. bxc5 Rxh3 49. Kg2 Rh2+ 50. Kxg3 Rc2 51. c6 Rxc6 52. Kf2 Kf6 53.
Kf3 Kg5 54. Kg3 Rc3 55. Kf3 Rxd3+ 56. Ke2 Ra3 57. Kf2 {Hossa resigns} 0-1

[Event "ICS rated blitz match"]
[Site "207.99.83.229"]
[Date "1999.05.26"]
[Round "?"]
[White "shally"]
[Black "Hossa"]
[Result "0-1"]
[WhiteElo "2255"]
[BlackElo "2442"]
[PlyCount "52"]

1. b3 e5 2. Bb2 Nc6 3. e3 d5 4. Bb5 Qg5 5. g3 Bg4 6. f3 Be6 7. Nc3 O-O-O 8. Qe2
Nge7 9. O-O-O Nb4 10. a3 Nbc6 11. Qf2 d4 12. Nce2 dxe3 13. dxe3 Rxd1+ 14. Kxd1
e4 15. f4 Qxb5 16. Nc3 Qa5 17. b4 Nxb4 18. axb4 Qxb4 19. Nge2 Qxb2 20. Kd2 Nf5
21. Rb1 Qa3 22. g4 Nd6 23. f5 Bc4 24. Qf4 Qa5 25. h3 Bxe2 26. Kxe2 26... Qxc3 {
shally resigns} 0-1

[Event "ICS rated standard match"]
[Site "207.99.83.229"]
[Date "1999.05.26"]
[Round "?"]
[White "SACR"]
[Black "Hossa"]
[Result "0-1"]
[WhiteElo "1981"]
[BlackElo "2248"]
[PlyCount "100"]

1. d4 d5 2. e3 Bf5 3. c4 Nf6 4. Nc3 e6 5. Nf3 Be7 6. Bd3 Bxd3 7. Qxd3 O-O 8.
cxd5 exd5 9. O-O Nc6 10. a3 Qd7 11. b4 a6 12. Bb2 Qe6 13. Rac1 Rfe8 14. Rfe1
Bd6 15. h3 Ne4 16. Nd2 Rad8 17. Ndxe4 dxe4 18. Qc2 Qg6 19. b5 axb5 20. Nxb5 Qg5
21. Nxd6 Rxd6 22. Qc5 Rd5 23. Qc4 Re6 24. Qc2 Rf5 25. Rcd1 Ra5 26. Qc3 Rg6 27.
g3 Qf5 28. h4 Rf6 29. Re2 Qh5 30. Red2 Qd5 31. Qc2 Rf3 32. Rc1 Qe6 33. Kh2 Qf5
34. Rcd1 Qd5 35. Qc3 Ra8 36. Rf1 Rd8 37. Kg2 Rd6 38. Kh2 Rg6 39. Rc2 Rgxg3 40.
fxg3 Rxf1 41. Rg2 Kh8 42. Qc2 Rf3 43. Bc1 Kg8 44. Bd2 Rf1 45. Qa4 Kh8 46. Qa8+
Nd8 47. Ba5 Qd6 48. Rc2 Qf6 49. Kg2 Qf3+ 50. Kh2 50... Rh1# {SACR checkmated}
0-1

[Event "ICS rated standard match"]
[Site "207.99.83.229"]
[Date "1999.05.26"]
[Round "?"]
[White "Hossa"]
[Black "SACR"]
[Result "1-0"]
[WhiteElo "2252"]
[BlackElo "1978"]
[PlyCount "47"]

1. e4 c5 2. Nf3 Nc6 3. d4 cxd4 4. Nxd4 d6 5. Bb5 Bd7 6. O-O a6 7. Be2 Nf6 8.
Nc3 e5 9. Nf3 Be7 10. Bg5 h6 11. Bxf6 gxf6 12. Qd2 f5 13. Rfd1 Qc7 14. Nd5 Qb8
15. Nxe7 Kxe7 16. exf5 Bxf5 17. c4 Be6 18. Re1 Qc7 19. Rad1 Rad8 20. Qe3 Nb4
21. Rd2 Nxa2 22. Qa3 Bxc4 23. Bxc4 Qxc4 24. Nxe5 {SACR resigns} 1-0

[Event "ICS Rated standard match"]
[Site "207.99.83.229"]
[Date "1999.05.26"]
[Round "?"]
[White "BC"]
[Black "Hossa"]
[Result "0-1"]
[WhiteElo "2048"]
[BlackElo "2256"]
[PlyCount "25"]

1. Nf3 Nf6 2. g3 d5 3. Bg2 e6 4. O-O Be7 5. d3 O-O 6. Nbd2 Nc6 7. c3 e5 8. e4
dxe4 9. dxe4 Qd3 10. Ne1 Qa6 11. Qc2 Be6 12. Nb3 Bc4 13. Nd3 {BC resigns} 0-1

[Event "ICS rated blitz match"]
[Site "207.99.83.229"]
[Date "1999.05.26"]
[Round "?"]
[White "SuperChicken"]
[Black "Hossa"]
[Result "1-0"]
[WhiteElo "2750"]
[BlackElo "2450"]
[PlyCount "173"]

1. e4 e6 2. d4 d5 3. Nd2 Nf6 4. e5 Nfd7 5. Bd3 c5 6. c3 Nc6 7. Ne2 Qb6 8. Nf3
cxd4 9. cxd4 Bb4+ 10. Bd2 f6 11. exf6 Nxf6 12. O-O O-O 13. Rc1 Bd6 14. Bc3 Bd7
15. Qd2 Rae8 16. Qg5 Nb4 17. Bxb4 Qxb4 18. Rb1 Rc8 19. a3 Qb3 20. Qe3 Qb6 21.
Ne5 Bxe5 22. Qxe5 Ng4 23. Qg5 Nf6 24. Rfe1 Ba4 25. Nf4 Rc6 26. Nh5 Ne8 27. Qg4
Bb3 28. Re2 Rf7 29. Rbe1 Nc7 30. Rd2 Qa5 31. Qg5 Nb5 32. Qe3 Bc4 33. Bxc4 dxc4
34. d5 c3 35. bxc3 Rxc3 36. Qxe6 Nxa3 37. Qe8+ Rf8 38. Qe6+ Rf7 39. Qd6 h6 40.
Qg6 Rc8 41. Rde2 Rcf8 42. Qe6 Nb5 43. Qe5 Nc3 44. Rc2 Nxd5 45. Ra1 Qb5 46. Ng3
Ra8 47. Rd1 Qa4 48. Rcd2 Nb6 49. Rd8+ Rxd8 50. Rxd8+ Kh7 51. Re8 Qa2 52. Qe4+
g6 53. Qd4 Rg7 54. Qd6 Qa1+ 55. Nf1 Rd7 56. Qe6 Qg7 57. Ne3 h5 58. Qe4 Rd4 59.
Qf3 Rb4 60. Nf1 Nc4 61. Qd5 Ra4 62. Qd8 Ne5 63. Rxe5 Qxe5 64. Qd7+ Kh6 65. Qxa4
Qb8 66. Qe4 Kh7 67. Qe7+ Kg8 68. Ne3 Qc8 69. f4 Qc3 70. Kf2 Qg7 71. Qe8+ Kh7
72. f5 Qf6 73. Qd7+ Kh6 74. Qxb7 a6 75. Qe4 gxf5 76. Nxf5+ Kh7 77. h4 Qb2+ 78.
Kf3 Qf6 79. g4 hxg4+ 80. Kxg4 Qg6+ 81. Kf4 Qf6 82. Qb7+ Kg8 83. h5 Qa1 84. Nh6+
Kh8 85. Qc8+ Kg7 86. Qg8+ Kxh6 87. Qg6# {Hossa checkmated} 1-0

[Event "ICS rated blitz match"]
[Site "207.99.83.229"]
[Date "1999.05.26"]
[Round "?"]
[White "Hossa"]
[Black "SMJT"]
[Result "1-0"]
[WhiteElo "2445"]
[BlackElo "2253"]
[PlyCount "91"]

1. e4 e5 2. Nf3 Nc6 3. Nc3 Nf6 4. d4 exd4 5. Nd5 Nb4 6. Nxf6+ Qxf6 7. a3 Nc6 8.
Bd3 a5 9. Bg5 Qd6 10. Qd2 f6 11. Bf4 Qc5 12. Bxc7 Ne5 13. Bxe5 fxe5 14. Qg5 d6
15. O-O Be6 16. a4 Qc7 17. Rfd1 Qe7 18. Bb5+ Bd7 19. Bxd7+ Qxd7 20. c3 h6 21.
Qg6+ Qf7 22. Qxf7+ Kxf7 23. cxd4 exd4 24. Rxd4 Be7 25. Nd2 Rhd8 26. Nc4 Ra6 27.
f4 g5 28. f5 Bf6 29. Rd3 Rc6 30. Nxa5 Rc2 31. Nxb7 Rb8 32. Nxd6+ Kg7 33. Nb5
Bxb2 34. Re1 Rc4 35. Rd7+ Kf6 36. Rf7+ Ke5 37. Re2 Rc1+ 38. Kf2 Ba1 39. Re7+
Kf4 40. Rc7 Rd8 41. Rxc1 Be5 42. Rc6 Rd1 43. Rxh6 g4 44. Rg6 Bb8 45. g3+ Ke5
46. Re6# {SMJT checkmated} 1-0

[Event "ICS rated blitz match"]
[Site "207.99.83.229"]
[Date "1999.05.26"]
[Round "?"]
[White "MissSilicon"]
[Black "Hossa"]
[Result "1-0"]
[WhiteElo "2496"]
[BlackElo "2453"]
[PlyCount "86"]

1. f4 d5 2. Nf3 Nf6 3. e3 Bg4 4. Be2 e6 5. Ne5 Bxe2 6. Qxe2 Nbd7 7. O-O Qe7 8.
b3 O-O-O 9. Bb2 Rg8 10. Nc3 Ne4 11. Nxe4 dxe4 12. Qh5 f5 13. Qxh7 Nf6 14. Qg6
Rxd2 15. Nc4 Rd8 16. Rad1 Rh8 17. Ne5 Re8 18. Nf7 Rh4 19. Rd2 Rg4 20. Ng5 Rh4
21. Rfd1 Rh6 22. Qf7 Nd5 23. Rxd5 exd5 24. Qxf5+ Kb8 25. Rxd5 Qb4 26. c3 Qe7
27. Rd4 Rf6 28. Qb5 Rb6 29. Qe2 Qf6 30. Nxe4 Qh4 31. g3 Qh6 32. Qd3 Kc8 33. c4
Rbe6 34. c5 g6 35. Qb5 R8e7 36. c6 Rxc6 37. Qd5 Rd6 38. Nxd6+ cxd6 39. Qxd6
Qxh2+ 40. Kxh2 Rh7+ 41. Kg1 Bxd6 42. Rxd6 g5 43. fxg5 43... Rc7 {Hossa resigns}
1-0

[Event "ICS rated standard match"]
[Site "207.99.83.229"]
[Date "1999.05.26"]
[Round "?"]
[White "Hossa"]
[Black "Tassiter"]
[Result "0-1"]
[WhiteElo "2234"]
[BlackElo "2240"]
[PlyCount "121"]

1. e4 c5 2. Nf3 e6 3. d4 cxd4 4. Nxd4 Nc6 5. Nc3 a6 6. g3 d5 7. Nxc6 bxc6 8.
Bg2 Nf6 9. O-O Bc5 10. e5 Nd7 11. Qg4 Kf8 12. Re1 Qb6 13. Nd1 a5 14. Be3 Ba6
15. a3 h5 16. Qg5 h4 17. gxh4 Bxe3 18. Rxe3 Qd4 19. Nc3 Rb8 20. h5 Qd2 21. Be4
Qd4 22. Bf3 f6 23. Qg3 Nxe5 24. b3 Qc5 25. b4 Qe7 26. Qf4 Nxf3+ 27. Rxf3 e5 28.
Qg3 Rxh5 29. Qg4 Rh6 30. bxa5 d4 31. Ne4 Be2 32. Rxf6+ gxf6 33. Qxe2 Qh7 34.
Qf3 Qg6+ 35. Kh1 Rb7 36. Qg2 Qxg2+ 37. Kxg2 Ra7 38. h3 Rxa5 39. f3 Ke7 40. Kg3
Rh8 41. h4 Rg8+ 42. Kf2 Rga8 43. Rb1 Rb5 44. Rxb5 cxb5 45. h5 Rh8 46. Ng3 Rc8
47. Nf5+ Ke6 48. Ng7+ Kf7 49. Nf5 Rxc2+ 50. Ke1 Rb2 51. Nd6+ Ke7 52. Nc8+ Ke6
53. h6 Rh2 54. Kf1 Rxh6 55. Na7 Rh1+ 56. Ke2 Rb1 57. Nc6 Ra1 58. Kf2 Rxa3 59.
Nb4 Rb3 60. Na6 Kd6 61. Ke2 {Hossa resigns} 0-1

[Event "ICS Rated standard match"]
[Site "207.99.83.229"]
[Date "1999.05.26"]
[Round "?"]
[White "OneAndOnly"]
[Black "Hossa"]
[Result "0-1"]
[WhiteElo "2239"]
[BlackElo "2234"]
[PlyCount "126"]

1. e4 c5 2. Bc4 e6 3. Nc3 d6 4. d3 Nf6 5. Bg5 Be7 6. Nf3 O-O 7. O-O Nc6 8. Qd2
Nd4 9. Nxd4 cxd4 10. Ne2 Nxe4 11. dxe4 Bxg5 12. Qxd4 Bf6 13. Qd3 Bxb2 14. Rad1
Qc7 15. Bb3 Rd8 16. c3 Qa5 17. Rb1 Ba3 18. Bc4 Qe5 19. Rfd1 b6 20. Ng3 Bc5 21.
Rb3 Qf4 22. Rb2 a6 23. Re2 b5 24. Bb3 Bb7 25. a4 bxa4 26. Bxa4 a5 27. Rb1 Ba6
28. Bb5 Bxb5 29. Qxb5 a4 30. Ra1 Qe5 31. Qc4 a3 32. Rd1 Rdc8 33. Qd3 Rcb8 34.
Qc4 Ra7 35. Qd3 Rb3 36. Rb1 Rab7 37. Rc1 Qf4 38. Rf1 R7b6 39. Qc4 Rb8 40. Rc2
Rb2 41. Re2 a2 42. Qa6 Rxe2 43. Qxe2 Qxf2+ 44. Rxf2 a1=Q+ 45. Nf1 Rb2 46. Qf3
Rxf2 47. Qxf2 Qa7 48. Qxc5 Qxc5+ 49. Kh1 Qf2 50. h3 Qxf1+ 51. Kh2 Qf4+ 52. Kh1
Qxe4 53. Kg1 Qe1+ 54. Kh2 Qe5+ 55. Kg1 Qxc3 56. Kh2 Qe5+ 57. Kg1 Qe1+ 58. Kh2
f5 59. g3 Qf2+ 60. Kh1 Qxg3 61. h4 f4 62. h5 f3 63. h6 63... Qg2# {
OneAndOnly checkmated} 0-1

[Event "ICS Rated blitz match"]
[Site "207.99.83.229"]
[Date "1999.05.26"]
[Round "?"]
[White "Hossa"]
[Black "Amateur"]
[Result "0-1"]
[WhiteElo "2439"]
[BlackElo "2457"]
[PlyCount "122"]

1. d4 d5 2. e3 Nf6 3. Nf3 e6 4. Bb5+ Bd7 5. Bxd7+ Nbxd7 6. O-O Bd6 7. b3 O-O 8.
Nbd2 c6 9. c4 Qb8 10. Qe2 e5 11. dxe5 Nxe5 12. Bb2 Nxf3+ 13. Nxf3 Ng4 14. h3
Nh2 15. Nxh2 Bxh2+ 16. Kh1 Be5 17. cxd5 cxd5 18. Rfd1 Rd8 19. Rac1 b6 20. Ba3
Qb7 21. Qf3 Rab8 22. Kg1 Qa6 23. Be7 Re8 24. Bh4 Qxa2 25. Qxd5 Qe2 26. Bg5 h6
27. Rd2 Rbc8 28. Rcd1 Qa6 29. Bf4 Bxf4 30. exf4 Rc7 31. Qf5 Rc5 32. Qd7 Re4 33.
Qg4 Qa3 34. Rd3 Qb2 35. Rd8+ Kh7 36. R8d3 Qf6 37. g3 Re7 38. Rd7 a5 39. R7d6
Re1+ 40. Rxe1 Qxd6 41. Qf3 Qg6 42. Re5 Rc1+ 43. Kg2 Rc7 44. f5 Qf6 45. Qe4 Rc3
46. Rb5 Rc6 47. Rd5 Rc3 48. Rb5 h5 49. h4 Rc8 50. Qe2 Qc6+ 51. Kh2 Kg8 52. f4
Qc1 53. Qf3 Rc2+ 54. Kh3 Qg1 55. Qxh5 Qg2+ 56. Kg4 Rc3 57. f6 Qxg3+ 58. Kf5
Qd3+ 59. Kg5 gxf6+ 60. Kxf6 Rc6+ 61. Ke7 61... Re6# {Hossa checkmated} 0-1

[Event "ICS Rated blitz match"]
[Site "207.99.83.229"]
[Date "1999.05.26"]
[Round "?"]
[White "Amateur"]
[Black "Hossa"]
[Result "1-0"]
[WhiteElo "2472"]
[BlackElo "2424"]
[PlyCount "66"]

1. e4 c5 2. Nf3 e6 3. d4 cxd4 4. Nxd4 Nc6 5. Nc3 a6 6. g3 d5 7. Nxc6 bxc6 8.
Bg2 Nf6 9. Bg5 Be7 10. Bf4 Bb4 11. Qd4 c5 12. Qe5 O-O 13. O-O Bb7 14. Rfd1 Ng4
15. Qd6 Qxd6 16. Bxd6 Rfd8 17. e5 Bxc3 18. bxc3 f6 19. Rab1 Rd7 20. Rb6 fxe5
21. Bh3 h5 22. f3 Rad8 23. fxg4 Rxd6 24. Rxb7 hxg4 25. Bxg4 Rc6 26. Re7 Rdd6
27. Rb1 Rb6 28. Rxb6 Rxb6 29. Bxe6+ Kf8 30. Rf7+ Ke8 31. Bxd5 Rd6 32. Bc4 Rd1+
33. Kg2 33... Rd2+ {Hossa resigns} 1-0

[Event "ICS Rated blitz match"]
[Site "207.99.83.229"]
[Date "1999.05.26"]
[Round "?"]
[White "Hossa"]
[Black "nimraz"]
[Result "1-0"]
[WhiteElo "2410"]
[BlackElo "2242"]
[PlyCount "47"]

1. e4 c5 2. Nf3 d6 3. d4 cxd4 4. Nxd4 Nf6 5. Nc3 g6 6. Be2 Bg7 7. O-O O-O 8.
Be3 Nc6 9. Nb3 Be6 10. f4 Qc8 11. Kh1 Rd8 12. Nd4 Nxd4 13. Bxd4 Bc4 14. Bxf6
Bxf6 15. Rf3 d5 16. exd5 Bxc3 17. Rxc3 Rxd5 18. Qf1 b5 19. b3 Rd2 20. bxc4 b4
21. Re3 Rxc2 22. Qd1 Qc5 23. Re5 Qd6 24. Qxc2 {nimraz resigns} 1-0

[Event "ICS Rated blitz match"]
[Site "207.99.83.229"]
[Date "1999.05.26"]
[Round "?"]
[White "nimraz"]
[Black "Hossa"]
[Result "0-1"]
[WhiteElo "2231"]
[BlackElo "2419"]
[PlyCount "30"]

1. e4 c5 2. Nf3 Nc6 3. d4 cxd4 4. Nxd4 Nf6 5. Nc3 e5 6. Ndb5 Bb4 7. Nd6+ Ke7 8.
Nf5+ Kf8 9. Bd2 d5 10. Nxd5 Bxd2+ 11. Qxd2 Nxe4 12. Qe3 Qxd5 13. Rd1 Qa5+ 14.
b4 Qxb4+ 15. c3 15... Nxc3 {nimraz resigns} 0-1

[Event "ICS Rated blitz match"]
[Site "207.99.83.229"]
[Date "1999.05.26"]
[Round "?"]
[White "Beadle"]
[Black "Hossa"]
[Result "1-0"]
[WhiteElo "2686"]
[BlackElo "2434"]
[PlyCount "123"]

1. d4 d5 2. c4 e6 3. Nc3 Nf6 4. Bg5 Be7 5. Nf3 O-O 6. e3 Nc6 7. Bd3 dxc4 8.
Bxc4 Bd7 9. Bxf6 Bxf6 10. O-O Qe7 11. Rc1 Rad8 12. Kh1 Rfe8 13. Nb5 Bc8 14. Qe2
Rd7 15. Nc3 Rdd8 16. Nd2 Bh4 17. g3 Bf6 18. Nde4 a5 19. f4 Rf8 20. Nb5 Rd7 21.
Nxf6+ Qxf6 22. Bd3 Qe7 23. Be4 Nb4 24. f5 Nxa2 25. Rc5 b6 26. Re5 Nb4 27. Qc4
Re8 28. fxe6 fxe6 29. Bf5 Rd5 30. Nxc7 Rxe5 31. dxe5 Kh8 32. Nxe8 Qxe8 33. Rc1
Bb7+ 34. Be4 Bxe4+ 35. Qxe4 Nd5 36. Qf3 h6 37. e4 Ne7 38. Rc7 a4 39. Qf2 Ng6
40. Qxb6 Qf8 41. Kg1 Qd8 42. Qd6 Qg5 43. Rc3 Qh5 44. Rc8+ Kh7 45. Qd8 Nxe5 46.
Qg8+ Kg6 47. Qxe6+ Kh7 48. Qg8+ Kg6 49. Qe8+ Nf7 50. Qxa4 Qe2 51. Qc2 Qe3+ 52.
Kg2 Ne5 53. Rc3 Qe1 54. Rc5 Nd7 55. e5+ Kf7 56. Rc7 Ke8 57. Qd3 Kf8 58. Qd6+
Kg8 59. Qe6+ Kh8 60. Rc8+ Kh7 61. Qf5+ g6 62. Qxd7# {Hossa checkmated} 1-0

[Event "ICS Rated blitz match"]
[Site "207.99.83.229"]
[Date "1999.05.26"]
[Round "?"]
[White "Hossa"]
[Black "Beadle"]
[Result "0-1"]
[WhiteElo "2428"]
[BlackElo "2692"]
[PlyCount "87"]

1. e4 Nc6 2. Nc3 e5 3. Bc4 Bc5 4. Nf3 d6 5. d3 Nf6 6. Bg5 Be6 7. Nd5 Bxd5 8.
exd5 Na5 9. Bb3 O-O 10. O-O h6 11. Bxf6 Qxf6 12. Qd2 Nxb3 13. axb3 Rfe8 14.
Rae1 c6 15. b4 Bb6 16. dxc6 bxc6 17. Qc3 Rec8 18. Qc4 a5 19. Ra1 axb4 20. Rxa8
Rxa8 21. Qxc6 Qd8 22. Qb5 Rc8 23. Rc1 Bc5 24. Re1 Qb6 25. Qxb6 Bxb6 26. Re2 g6
27. h4 Kg7 28. Kf1 f5 29. Rd2 Kf6 30. Ke2 g5 31. hxg5+ hxg5 32. Kd1 g4 33. Nh4
Bd4 34. c3 bxc3 35. bxc3 Rxc3 36. g3 f4 37. gxf4 exf4 38. Ng2 f3 39. Nf4 Rc5
40. Ra2 Rf5 41. Ke1 Rxf4 42. Ra8 Rf5 43. Rf8+ Kg5 44. Rg8+ {Hossa resigns} 0-1

[Event "ICS rated blitz match"]
[Site "207.99.83.229"]
[Date "1999.05.26"]
[Round "?"]
[White "Beadle"]
[Black "Hossa"]
[Result "1-0"]
[WhiteElo "2698"]
[BlackElo "2422"]
[PlyCount "56"]

1. e4 c5 2. Nf3 Nc6 3. d4 cxd4 4. Nxd4 Nf6 5. Nc3 e5 6. Ndb5 Bb4 7. Bg5 O-O 8.
a3 Ba5 9. Bc4 a6 10. Nd6 Bxc3+ 11. bxc3 b5 12. Bb3 Rb8 13. Qf3 a5 14. Nf5 Kh8
15. Nh6 Qe7 16. Ng4 d5 17. Nxf6 dxe4 18. Nxe4 Qd7 19. Rd1 Qg4 20. Bd5 Qxf3 21.
gxf3 Nd8 22. Be7 Re8 23. Bd6 Rb6 24. Bc7 Rg6 25. Nd6 Rxd6 26. Bxd6 Kg8 27. Bc7
Ne6 28. Bxa5 28... Rf8 {Hossa resigns} 1-0

[Event "ICS rated blitz match"]
[Site "207.99.83.229"]
[Date "1999.05.26"]
[Round "?"]
[White "Hossa"]
[Black "nimraz"]
[Result "1-0"]
[WhiteElo "2417"]
[BlackElo "2213"]
[PlyCount "93"]

1. e4 c5 2. Nf3 e6 3. d4 cxd4 4. Nxd4 a6 5. Nc3 Qc7 6. g3 h5 7. Bd3 b5 8. O-O
Bb7 9. a4 b4 10. Nce2 h4 11. Bg5 Bc5 12. gxh4 Nc6 13. Nxc6 Qxc6 14. Nf4 Nf6 15.
Bxf6 gxf6 16. Nh5 O-O-O 17. Nxf6 Rh6 18. Qf3 Rdh8 19. h5 Bd4 20. Ng4 Rxh5 21.
c3 bxc3 22. bxc3 Bg7 23. Qxf7 Rg5 24. Qf4 Qc5 25. Qf3 Rh4 26. h3 Be5 27. Rfc1
Bd6 28. Rab1 Bc6 29. Bxa6+ Kc7 30. Bb5 Bb7 31. Bxd7 Ba8 32. Bxe6 Rg7 33. Bd5
Bxd5 34. exd5 Qc4 35. Rb5 Rhxg4+ 36. Kh1 Rf4 37. Qe3 Qe4+ 38. Qxe4 Rxe4 39. c4
Rh4 40. Rb3 Bc5 41. Rc2 Kd6 42. Rg3 Re7 43. Kg2 Rhe4 44. Rg6+ Ke5 45. Rg5+ Kd4
46. d6 Rf7 47. Rd5# {nimraz checkmated} 1-0

[Event "ICS Rated blitz match"]
[Site "207.99.83.229"]
[Date "1999.05.26"]
[Round "?"]
[White "Hossa"]
[Black "Quaestor"]
[Result "0-1"]
[WhiteElo "2425"]
[BlackElo "2785"]
[PlyCount "226"]

1. e4 e6 2. d4 d5 3. Nd2 c5 4. Ngf3 Nc6 5. exd5 exd5 6. Bb5 Bd6 7. dxc5 Bxc5 8.
O-O Nge7 9. Nb3 Bd6 10. Re1 O-O 11. Bg5 Bg4 12. h3 Bh5 13. Bxc6 bxc6 14. Nbd4
Rc8 15. Qd3 Re8 16. Ne5 f6 17. Nexc6 Nxc6 18. Nxc6 Qc7 19. Nxa7 Rxe1+ 20. Rxe1
Bh2+ 21. Kh1 Qxa7 22. Kxh2 fxg5 23. Qxd5+ Bf7 24. Qxg5 Qxf2 25. Rd1 Re8 26. Rd8
Qxc2 27. Rxe8+ Bxe8 28. Qd5+ Kh8 29. Qd8 Qe2 30. Qb8 Kg8 31. h4 Qe7 32. Qf4 Qe6
33. b3 h6 34. Qb8 Qe4 35. Qg3 Qb4 36. Kh1 Bf7 37. Qf2 Bd5 38. Kg1 Qe4 39. Qd2
Kf8 40. Kf1 Qe5 41. Kf2 Kg8 42. Kg1 Be6 43. Qd8+ Kf7 44. Qd2 Ke7 45. Qb4+ Ke8
46. Qd2 Kf7 47. Kh1 Qf6 48. h5 Qh4+ 49. Kg1 Qxh5 50. Qf4+ Kg6 51. Qe3 Kf6 52.
Qc3+ Qe5 53. Qf3+ Ke7 54. Qb7+ Ke8 55. Qc6+ Bd7 56. Qa8+ Ke7 57. Qg8 Be6 58.
Qa8 Qd4+ 59. Kf1 Bd5 60. Qa3+ Kd7 61. Qc1 Bb7 62. Qa3 Qd1+ 63. Kf2 Qd2+ 64. Kf1
Qxg2+ 65. Ke1 Qg3+ 66. Ke2 Qf3+ 67. Kd2 Qf4+ 68. Ke2 g5 69. b4 Qe4+ 70. Kf2
Qh4+ 71. Ke2 Qh2+ 72. Kd1 Qh1+ 73. Kd2 Qg2+ 74. Ke1 Qg1+ 75. Ke2 Qg2+ 76. Ke1
Kd6 77. b5+ Ke6 78. Qa5 Qe4+ 79. Kd1 Qd3+ 80. Kc1 Qf1+ 81. Kd2 Qf4+ 82. Kc3
Qe3+ 83. Kb2 Qf2+ 84. Ka3 h5 85. Qd8 Qc5+ 86. Ka4 Bf3 87. Qe8+ Kf6 88. Qd8+ Kf5
89. Qg8 Bd5 90. Qh7+ Kg4 91. Ka5 Qc3+ 92. Ka6 Qa3+ 93. Kb6 Qe3+ 94. Ka6 Qe6+
95. Ka5 Be4 96. Qg7 Qxa2+ 97. Kb6 Qe6+ 98. Ka5 Qc8 99. Qe5 Qd8+ 100. Ka4 Qa8+
101. Kb4 Qd5 102. Qf6 Kg3 103. Qh6 h4 104. b6 Qd4+ 105. Ka5 g4 106. Kb5 h3 107.
Ka5 Kg2 108. Qh4 g3 109. Qe7 h2 110. Qh4 Qc5+ 111. Ka6 Bc6 112. b7 Qb5+ 113.
Ka7 113... Qxb7# {Hossa checkmated} 0-1

[Event "ICS Rated blitz match"]
[Site "207.99.83.229"]
[Date "1999.05.26"]
[Round "?"]
[White "Quaestor"]
[Black "Hossa"]
[Result "1-0"]
[WhiteElo "2789"]
[BlackElo "2421"]
[PlyCount "112"]

1. e4 e6 2. Nf3 d5 3. exd5 exd5 4. d4 Bg4 5. Be2 Nf6 6. O-O Be7 7. Ne5 Bxe2 8.
Qxe2 O-O 9. Bf4 Nbd7 10. Nd2 Re8 11. Rfe1 c5 12. dxc5 Bxc5 13. Qb5 Nxe5 14.
Qxc5 Ned7 15. Qb4 Rc8 16. Rxe8+ Qxe8 17. c3 b6 18. Qb5 Nc5 19. Qxe8+ Rxe8 20.
Be3 Nd3 21. Rb1 Ng4 22. Nf1 h5 23. b3 Nge5 24. Rd1 h4 25. f4 Nb2 26. Rxd5 Ned3
27. Rd7 Ra8 28. a3 f6 29. c4 Kh7 30. Bd4 Rg8 31. Rxa7 h3 32. f5 hxg2 33. Kxg2
Nf4+ 34. Kf3 Nfd3 35. Ne3 Ne5+ 36. Bxe5 fxe5 37. Nd5 Rd8 38. Ke4 Kh6 39. Ra6
Kh5 40. a4 Re8 41. Rxb6 Nd1 42. Rb7 Nf2+ 43. Kf3 Nd3 44. f6 g5 45. b4 Kg6 46.
c5 Nf4 47. f7 Rf8 48. Ke4 Nxd5 49. Kxd5 Kf6 50. c6 Rc8 51. Rd7 g4 52. c7 g3 53.
hxg3 e4 54. Kxe4 Rf8 55. b5 Kg7 56. b6 56... Kh6 {Hossa resigns} 1-0

[Event "ICS Rated blitz match"]
[Site "207.99.83.229"]
[Date "1999.05.26"]
[Round "?"]
[White "Hossa"]
[Black "nimraz"]
[Result "1-0"]
[WhiteElo "2418"]
[BlackElo "2228"]
[PlyCount "55"]

1. e4 c5 2. Nf3 Qc7 3. Be2 a6 4. Nc3 e6 5. O-O h5 6. d4 cxd4 7. Nxd4 Bc5 8. Nb3
Ba7 9. Bg5 Nc6 10. Bh4 Nf6 11. Bxf6 gxf6 12. Rc1 b5 13. a3 Bb7 14. a4 b4 15.
Nb1 O-O-O 16. c3 d5 17. cxb4 dxe4 18. Qe1 Rdg8 19. b5 h4 20. bxc6 Bxc6 21.
Bxa6+ Kd8 22. Na5 Rxg2+ 23. Kxg2 Qf4 24. Qd2+ Qxd2 25. Nxc6+ Ke8 26. Nxd2 Rg8+
27. Kh3 e3 28. Nxa7 {nimraz resigns} 1-0

[Event "ICS Rated blitz match"]
[Site "207.99.83.229"]
[Date "1999.05.26"]
[Round "?"]
[White "Amateur"]
[Black "Hossa"]
[Result "1-0"]
[WhiteElo "2489"]
[BlackElo "2426"]
[PlyCount "42"]

1. e4 c5 2. Nc3 e6 3. Nf3 d6 4. d4 Nd7 5. dxc5 Nxc5 6. e5 Qb6 7. exd6 Bxd6 8.
Nd2 Be5 9. Nc4 Bxc3+ 10. bxc3 Qc6 11. Nd6+ Kf8 12. Be2 Qxg2 13. Bf3 Qh3 14. Ba3
Nf6 15. Bxc5 Kg8 16. Ne4 h6 17. Qd8+ Kh7 18. Qd3 g6 19. Nxf6+ Kg7 20. Ng4 e5
21. Nxe5 21... Re8 {Hossa resigns} 1-0